bad guy - Billie Eilish (Lyrics) - Statistiken

Allgemein
  • Dieses Quiz wurde 277 mal gespielt
  • Das Durchschnittsergebnis liegt bei 141 aus 256
Antwortstatistiken
Lyrics % Korrekt
guy
96%
guy,
96%
I
96%
a
95%
bad
94%
bad,
94%
Bad
94%
you
87%
You
87%
I'm
79%
I'm,
79%
the
74%
to
74%
your
71%
so
69%
So
69%
no
68%
like
66%
Like
66%
my
66%
My
66%
Duh
59%
Make
59%
sad
59%
type
58%
really
57%
do
55%
me,
55%
me
55%
me?
55%
on
55%
rough
55%
tough
55%
shirt
54%
you're
54%
Just
53%
when
53%
White
53%
get
51%
it
51%
mad
50%
red,
50%
mama
49%
now
49%
that
49%
nose
48%
bloody
46%
enough
46%
can't
45%
Don't
44%
don't
44%
know
44%
toes
44%
criminal
42%
tippy
42%
girlfriend
41%
she
41%
be
40%
dad
40%
what
40%
Creepin'
39%
one
38%
want
37%
Sleepin',
36%
if
34%
If
34%
men
34%
Might
34%
always
33%
But
33%
knows
33%
say
33%
seduce
33%
see
32%
around
31%
knees
31%
of
31%
Think
31%
'cause
30%
with
30%
all
29%
scared
29%
sing
29%
thank
29%
for
27%
or
27%
both
26%
mean,
26%
this
26%
alone
25%
please
25%
along
24%
Bruises
24%
mommy
24%
song
24%
cologne
23%
control
23%
Even
23%
glad
23%
it's
23%
likes
23%
puffed
23%
take
23%
won't
23%
Own
22%
cynical
21%
maybe
21%
soul?
21%
wearing
21%
animal
20%
Chest
20%
I'll
20%
lyrics
20%
pretty
20%
said
20%
wanting
20%
good
19%
guess
19%
sees
19%
at
18%
let
18%
play
17%
reads
17%
pity
16%
tight
16%
role
15%
She'll
15%
she's
15%
being
14%
only
11%
Keine übereinstimmenden Quizze gefunden
Verteilung der Resultate
Anzahl Personen mit jedem Resultat
Perzentil nach korrekt beantworteten Fragen
Ihre Resultats-Entwicklung
Sie haben dieses Quiz noch nicht gespielt